000 00522nam a2200169Ia 4500
003 GCL
008 140319s9999 xx 000 0 ara d
040 _aGCL /
_cGCL
082 0 4 _a923.2
_bع ع
100 1 _aعلى الحديدى
245 1 0 _aعبدالله النديم خطيب الوطنية /
_cعلى الحديدى
300 _a399 ص
490 _aاعلام العرب
_v0
650 0 4 _aعبدالله النديم
650 0 4 _aمصر - تاريخ - العصر الحديث (1805 - 1956 )
942 _2ddc
_cBK
999 _c46935
_d46935